[Event "2024 National Middle School Championship"]
[Site "Atlanta, Georgia, United States"]
[Date "2024.05.11"]
[Round "3.1"]
[White "Liu, Eric Chang"]
[Black "Rallabandi, Krishna R"]
[Result "1-0"]
[TimeControl "G/90;d10"]
[WhiteElo "2468"]
[BlackElo "2046"]

1. e4 {[%clk 01:30:00]} {[%emt 00:00:02]} e5 {[%clk 01:29:17]} {[%emt
00:00:54]} 2. Nf3 {[%clk 01:30:00]} {[%emt 00:00:05]} Nc6 {[%clk 01:29:17]}
{[%emt 00:00:03]} 3. Bc4 {[%clk 01:30:00]} {[%emt 00:00:05]} Nf6 {[%clk
01:29:16]} {[%emt 00:00:11]} 4. d3 {[%clk 01:30:00]} {[%emt 00:00:06]} Bc5
{[%clk 01:29:16]} {[%emt 00:00:05]} 5. c3 {[%clk 01:30:00]} {[%emt 00:00:06]}
a5 {[%clk 01:29:16]} {[%emt 00:00:02]} 6. O-O {[%clk 01:29:54]} {[%emt
00:00:16]} d6 {[%clk 01:29:09]} {[%emt 00:00:17]} 7. Re1 {[%clk 01:29:54]}
{[%emt 00:00:08]} O-O {[%clk 01:29:03]} {[%emt 00:00:17]} 8. h3 {[%clk
01:29:34]} {[%emt 00:00:30]} h6 {[%clk 01:28:58]} {[%emt 00:00:14]} 9. Nbd2
{[%clk 01:27:25]} {[%emt 00:02:19]} Be6 {[%clk 01:28:58]} {[%emt 00:00:09]} 10.
Bb5 {[%clk 01:27:13]} {[%emt 00:00:22]} Qb8 {[%clk 01:28:51]} {[%emt 00:00:17]}
11. Nf1 {[%clk 01:26:16]} {[%emt 00:01:07]} Qa7 {[%clk 01:28:51]} {[%emt
00:00:10]} 12. Re2 {[%clk 01:26:06]} {[%emt 00:00:20]} a4 {[%clk 01:28:46]}
{[%emt 00:00:15]} 13. Ng3 {[%clk 01:25:02]} {[%emt 00:01:15]} Qa5 {[%clk
01:26:58]} {[%emt 00:01:58]} 14. Bxc6 {[%clk 01:25:02]} {[%emt 00:00:08]} bxc6
{[%clk 01:26:58]} {[%emt 00:00:03]} 15. Rc2 {[%clk 01:24:49]} {[%emt 00:00:23]}
Bb6 {[%clk 01:20:56]} {[%emt 00:06:12]} 16. c4 {[%clk 01:21:54]} {[%emt
00:03:05]} Kh7 {[%clk 01:13:05]} {[%emt 00:08:01]} 17. Bd2 {[%clk 01:05:03]}
{[%emt 00:17:01]} Qa7 {[%clk 01:10:33]} {[%emt 00:02:41]} 18. Qe2 {[%clk
01:05:03]} {[%emt 00:00:07]} Rae8 {[%clk 01:04:38]} {[%emt 00:06:05]} 19. Bc3
{[%clk 00:54:00]} {[%emt 00:11:13]} Nd7 {[%clk 00:58:33]} {[%emt 00:06:15]} 20.
Rd1 {[%clk 00:39:16]} {[%emt 00:14:55]} f5 {[%clk 00:48:22]} {[%emt 00:10:21]}
21. Nxf5 {[%clk 00:31:03]} {[%emt 00:08:23]} Bxf5 {[%clk 00:48:22]} {[%emt
00:00:09]} 22. exf5 {[%clk 00:31:03]} {[%emt 00:00:03]} Rxf5 {[%clk 00:47:09]}
{[%emt 00:01:24]} 23. Qe4 {[%clk 00:29:58]} {[%emt 00:01:14]} Ref8 {[%clk
00:46:18]} {[%emt 00:01:01]} 24. d4 {[%clk 00:23:09]} {[%emt 00:07:00]} exd4
{[%clk 00:41:40]} {[%emt 00:04:48]} 25. Bxd4 {[%clk 00:16:44]} {[%emt
00:06:34]} d5 {[%clk 00:31:10]} {[%emt 00:10:40]} 26. Qe6 {[%clk 00:16:22]}
{[%emt 00:00:32]} Bxd4 {[%clk 00:28:35]} {[%emt 00:02:46]} 27. Nxd4 {[%clk
00:11:37]} {[%emt 00:04:54]} Rf4 {[%clk 00:26:15]} {[%emt 00:02:30]} 28. Nxc6
{[%clk 00:10:35]} {[%emt 00:01:12]} Nc5 {[%clk 00:23:08]} {[%emt 00:03:17]} 29.
Nxa7 {[%clk 00:09:25]} {[%emt 00:01:20]} Nxe6 {[%clk 00:23:08]} {[%emt
00:00:02]} 30. cxd5 {[%clk 00:09:25]} {[%emt 00:00:06]} Nd4 {[%clk 00:19:02]}
{[%emt 00:04:15]} 31. Rcd2 {[%clk 00:09:25]} {[%emt 00:00:05]} Nf5 {[%clk
00:18:06]} {[%emt 00:01:05]} 32. Rc1 {[%clk 00:09:25]} {[%emt 00:00:04]} a3
{[%clk 00:13:30]} {[%emt 00:04:46]} 33. bxa3 {[%clk 00:08:19]} {[%emt
00:01:17]} Ra4 {[%clk 00:12:37]} {[%emt 00:01:03]} 34. Rxc7 {[%clk 00:07:08]}
{[%emt 00:01:20]} Rxa3 {[%clk 00:10:49]} {[%emt 00:01:58]} 35. d6 {[%clk
00:06:44]} {[%emt 00:00:35]} Nxd6 {[%clk 00:09:59]} {[%emt 00:00:59]} 36. Rxd6
{[%clk 00:06:44]} {[%emt 00:00:04]} Rxa2 {[%emt 00:00:08]} 37. f3 {[%clk
00:06:32]} {[%emt 00:00:20]} Rf5 {[%clk 00:09:28]} {[%emt 00:00:41]} 38. h4
{[%clk 00:05:18]} {[%emt 00:01:25]} Ra1+ {[%clk 00:09:00]} {[%emt 00:00:38]} 39.
Kf2 {[%clk 00:05:12]} {[%emt 00:00:16]} 1-0

[Event "2024 National Middle School Championship"]
[Site "Atlanta, Georgia, United States"]
[Date "2024.05.11"]
[Round "3.2"]
[White "Soni, Arjun Gorakh"]
[Black "Wang, Isaac"]
[Result "1/2-1/2"]
[TimeControl "G/90;d10"]
[WhiteElo "2023"]
[BlackElo "2326"]

1. e4 {[%clk 01:29:57]} {[%emt 00:00:12]} c5 {[%clk 01:30:00]} {[%emt
00:00:05]} 2. Nf3 {[%clk 01:29:57]} {[%emt 00:00:06]} e6 {[%clk 01:30:00]}
{[%emt 00:00:04]} 3. g3 {[%clk 01:29:55]} {[%emt 00:00:11]} Nc6 {[%clk
01:29:14]} {[%emt 00:00:57]} 4. Bg2 {[%clk 01:29:55]} {[%emt 00:00:09]} d6
{[%clk 01:29:06]} {[%emt 00:00:20]} 5. d4 {[%clk 01:28:00]} {[%emt 00:02:04]}
cxd4 {[%clk 01:28:07]} {[%emt 00:01:10]} 6. Nxd4 {[%clk 01:27:59]} {[%emt
00:00:10]} a6 {[%clk 01:26:11]} {[%emt 00:02:07]} 7. O-O {[%clk 01:26:42]}
{[%emt 00:01:24]} g6 {[%clk 01:23:15]} {[%emt 00:03:08]} 8. c3 {[%clk
01:18:07]} {[%emt 00:08:45]} Bg7 {[%clk 01:20:49]} {[%emt 00:02:36]} 9. Na3
{[%clk 01:15:52]} {[%emt 00:02:24]} Nge7 {[%clk 01:17:08]} {[%emt 00:03:51]} 10.
Be3 {[%clk 01:07:10]} {[%emt 00:08:52]} Nxd4 {[%clk 01:10:27]} {[%emt
00:06:51]} 11. Bxd4 {[%clk 01:06:07]} {[%emt 00:01:13]} e5 {[%clk 01:09:01]}
{[%emt 00:01:38]} 12. Be3 {[%clk 01:05:53]} {[%emt 00:00:23]} Be6 {[%clk
01:08:12]} {[%emt 00:00:59]} 13. Qd2 {[%clk 01:02:37]} {[%emt 00:03:25]} Qc7
{[%clk 01:05:53]} {[%emt 00:02:30]} 14. Nc2 {[%clk 00:53:22]} {[%emt 00:09:24]}
O-O {[%clk 01:03:57]} {[%emt 00:02:06]} 15. a4 {[%clk 00:35:09]} {[%emt
00:18:24]} Nc6 {[%clk 00:48:22]} {[%emt 00:15:44]} 16. b4 {[%clk 00:34:07]}
{[%emt 00:01:12]} a5 {[%clk 00:43:09]} {[%emt 00:05:24]} 17. Rfb1 {[%clk
00:31:19]} {[%emt 00:02:57]} Rfd8 {[%clk 00:30:31]} {[%emt 00:12:48]} 18. Na3
{[%clk 00:25:51]} {[%emt 00:05:38]} axb4 {[%clk 00:26:58]} {[%emt 00:03:44]} 19.
Nb5 {[%clk 00:25:51]} {[%emt 00:00:07]} Qe7 {[%clk 00:25:46]} {[%emt 00:01:22]}
20. cxb4 {[%clk 00:25:50]} {[%emt 00:00:12]} Bc4 {[%clk 00:22:31]} {[%emt
00:03:25]} 21. Bf1 {[%clk 00:23:24]} {[%emt 00:02:36]} Be6 {[%clk 00:22:03]}
{[%emt 00:00:38]} 22. Bg2 {[%clk 00:22:54]} {[%emt 00:00:40]} h5 {[%clk
00:18:57]} {[%emt 00:03:17]} 23. h4 {[%clk 00:21:16]} {[%emt 00:01:48]} Bc4
{[%clk 00:17:55]} {[%emt 00:01:13]} 24. Bf1 {[%clk 00:21:08]} {[%emt 00:00:17]}
Be6 {[%clk 00:17:53]} {[%emt 00:00:12]} 25. Bg2 {[%clk 00:21:08]} {[%emt
00:00:03]} Bc4 {[%clk 00:15:35]} {[%emt 00:02:27]} 26. Bf1 {[%clk 00:21:08]}
{[%emt 00:00:01]} Be6 {[%clk 00:15:32]} {[%emt 00:00:14]} 1/2-1/2

[Event "2024 National Middle School Championship"]
[Site "Atlanta, Georgia, United States"]
[Date "2024.05.11"]
[Round "3.3"]
[White "Guo, Ethan"]
[Black "Chaudhury, Anmay Kumar"]
[Result "1-0"]
[TimeControl "G/90;d10"]
[WhiteElo "2291"]
[BlackElo "2030"]

1. e4 {[%clk 01:30:00]} {[%emt 00:00:02]} c5 {[%clk 01:30:00]} 2. Nf3 {[%clk
01:30:00]} {[%emt 00:00:06]} d6 {[%clk 01:30:00]} {[%emt 00:00:04]} 3. d4
{[%clk 01:30:00]} {[%emt 00:00:06]} cxd4 {[%clk 01:30:00]} {[%emt 00:00:04]} 4.
Nxd4 {[%clk 01:30:00]} {[%emt 00:00:06]} Nf6 {[%clk 01:30:00]} {[%emt
00:00:02]} 5. Nc3 {[%clk 01:30:00]} {[%emt 00:00:09]} a6 {[%clk 01:30:00]}
{[%emt 00:00:02]} 6. Qf3 {[%clk 01:30:00]} {[%emt 00:00:08]} e6 {[%clk
01:28:36]} {[%emt 00:01:34]} 7. g4 {[%clk 01:30:00]} {[%emt 00:00:08]} Qc7
{[%clk 01:23:17]} {[%emt 00:05:29]} 8. g5 {[%clk 01:29:33]} {[%emt 00:00:38]}
Nfd7 {[%clk 01:23:17]} {[%emt 00:00:09]} 9. Qe2 {[%clk 01:25:15]} {[%emt
00:04:26]} b5 {[%clk 01:20:48]} {[%emt 00:02:41]} 10. a3 {[%clk 01:21:21]}
{[%emt 00:04:04]} Bb7 {[%clk 01:19:25]} {[%emt 00:01:32]} 11. f4 {[%clk
01:20:16]} {[%emt 00:01:15]} Nc5 {[%clk 01:14:21]} {[%emt 00:05:14]} 12. Bg2
{[%clk 01:19:18]} {[%emt 00:01:08]} Nbd7 {[%clk 01:12:36]} {[%emt 00:01:55]} 13.
O-O {[%clk 01:17:22]} {[%emt 00:02:06]} Nb6 {[%clk 00:53:12]} {[%emt 00:19:34]}
14. f5 {[%clk 01:11:06]} {[%emt 00:06:25]} e5 {[%clk 00:47:34]} {[%emt
00:05:50]} 15. Nb3 {[%clk 01:05:07]} {[%emt 00:06:09]} Nc4 {[%clk 00:45:59]}
{[%emt 00:01:44]} 16. Kh1 {[%clk 00:59:55]} {[%emt 00:05:22]} Bc6 {[%clk
00:34:10]} {[%emt 00:11:59]} 17. Nxc5 {[%clk 00:51:45]} {[%emt 00:08:20]} dxc5
{[%clk 00:34:00]} {[%emt 00:00:21]} 18. a4 {[%clk 00:51:13]} {[%emt 00:00:41]}
Nd6 {[%clk 00:33:00]} {[%emt 00:01:10]} 19. axb5 {[%clk 00:51:05]} {[%emt
00:00:19]} Nxb5 {[%clk 00:32:53]} {[%emt 00:00:17]} 20. Nxb5 {[%clk 00:46:52]}
{[%emt 00:04:23]} Bxb5 {[%clk 00:32:53]} {[%emt 00:00:06]} 21. c4 {[%clk
00:46:12]} {[%emt 00:00:49]} Bc6 {[%clk 00:32:41]} {[%emt 00:00:21]} 22. Bd2
{[%clk 00:45:43]} {[%emt 00:00:39]} a5 {[%clk 00:31:22]} {[%emt 00:01:29]} 23.
Bc3 {[%clk 00:43:27]} {[%emt 00:02:26]} Bd6 {[%clk 00:30:02]} {[%emt 00:01:30]}
24. Rfd1 {[%clk 00:42:59]} {[%emt 00:00:38]} a4 {[%clk 00:29:40]} {[%emt
00:00:32]} 25. Qd2 {[%emt 00:01:28]} Be7 {[%clk 00:26:57]} {[%emt 00:02:42]} 26.
f6 {[%clk 00:40:52]} {[%emt 00:01:11]} Bf8 {[%clk 00:22:58]} {[%emt 00:04:08]}
27. Qf2 {[%clk 00:34:11]} {[%emt 00:06:51]} g6 {[%clk 00:21:57]} {[%emt
00:01:11]} 28. Rd2 {[%clk 00:33:44]} {[%emt 00:00:37]} h6 {[%clk 00:11:43]}
{[%emt 00:10:24]} 29. Qg3 {[%clk 00:33:39]} {[%emt 00:00:14]} hxg5 {[%clk
00:11:42]} {[%emt 00:00:11]} 30. Bxe5 {[%clk 00:33:39]} {[%emt 00:00:09]} Qc8
{[%clk 00:10:28]} {[%emt 00:01:24]} 31. Bd6 {[%clk 00:32:29]} {[%emt 00:01:20]}
Ra7 {[%clk 00:08:28]} {[%emt 00:02:10]} 32. Bxf8 {[%clk 00:30:55]} {[%emt
00:01:43]} Kxf8 {[%clk 00:08:03]} {[%emt 00:00:36]} 33. Rad1 {[%clk 00:30:46]}
{[%emt 00:00:19]} Rd7 {[%clk 00:07:54]} {[%emt 00:00:19]} 34. Rxd7 {[%clk
00:30:40]} {[%emt 00:00:17]} Bxd7 {[%clk 00:07:54]} {[%emt 00:00:02]} 35. Qd6+
{[%clk 00:30:35]} {[%emt 00:00:14]} Kg8 {[%clk 00:07:00]} {[%emt 00:01:04]} 36.
Qxd7 {[%clk 00:30:35]} {[%emt 00:00:06]} Qb8 {[%emt 00:00:22]} 37. Qd8+ {[%clk
00:30:25]} {[%emt 00:00:17]} 1-0

[Event "2024 National Middle School Championship"]
[Site "Atlanta, Georgia, United States"]
[Date "2024.05.11"]
[Round "3.4"]
[White "Ziegler, Nate"]
[Black "Cherukuri, Nitesh"]
[Result "1/2-1/2"]
[TimeControl "G/90;d10"]
[WhiteElo "2015"]
[BlackElo "2208"]

1. c4 {[%clk 01:30:00]} {[%emt 00:00:01]} Nf6 {[%clk 01:29:41]} {[%emt
00:00:29]} 2. Nc3 {[%clk 01:30:00]} {[%emt 00:00:06]} g6 {[%clk 01:29:41]}
{[%emt 00:00:06]} 3. d4 {[%clk 01:30:00]} {[%emt 00:00:08]} Bg7 {[%clk
01:29:41]} {[%emt 00:00:05]} 4. e4 {[%clk 01:30:00]} {[%emt 00:00:06]} d6
{[%clk 01:29:41]} {[%emt 00:00:04]} 5. Nf3 {[%clk 01:30:00]} {[%emt 00:00:05]}
O-O {[%clk 01:29:41]} {[%emt 00:00:06]} 6. h3 {[%clk 01:30:00]} {[%emt
00:00:04]} e5 {[%clk 01:29:41]} {[%emt 00:00:08]} 7. d5 {[%clk 01:30:00]}
{[%emt 00:00:08]} Nh5 {[%clk 01:29:30]} {[%emt 00:00:21]} 8. g3 {[%clk
01:29:46]} {[%emt 00:00:25]} f5 {[%clk 01:29:30]} {[%emt 00:00:08]} 9. exf5
{[%clk 01:29:46]} {[%emt 00:00:08]} gxf5 {[%clk 01:29:30]} {[%emt 00:00:06]} 10.
Nh4 {[%clk 01:29:36]} {[%emt 00:00:19]} Nf4 {[%clk 01:29:28]} {[%emt 00:00:12]}
11. Bd2 {[%clk 01:21:44]} {[%emt 00:08:01]} Ng6 {[%clk 01:29:20]} {[%emt
00:00:19]} 12. Nxg6 {[%clk 01:20:42]} {[%emt 00:01:13]} hxg6 {[%clk 01:29:20]}
{[%emt 00:00:02]} 13. Qc2 {[%clk 01:19:54]} {[%emt 00:00:58]} Nd7 {[%clk
01:28:37]} {[%emt 00:00:53]} 14. O-O-O {[%clk 01:15:34]} {[%emt 00:04:30]} a5
{[%clk 01:27:50]} {[%emt 00:00:58]} 15. Be2 {[%clk 01:05:41]} {[%emt 00:10:03]}
Nc5 {[%clk 01:27:02]} {[%emt 00:00:58]} 16. Be3 {[%clk 01:05:05]} {[%emt
00:00:45]} b6 {[%clk 01:26:05]} {[%emt 00:01:08]} 17. g4 {[%clk 01:00:50]}
{[%emt 00:04:24]} Qh4 {[%clk 01:22:28]} {[%emt 00:03:47]} 18. f3 {[%clk
00:51:58]} {[%emt 00:09:02]} Bd7 {[%clk 01:21:44]} {[%emt 00:00:54]} 19. Rdf1
{[%clk 00:48:35]} {[%emt 00:03:33]} Rae8 {[%clk 01:19:10]} {[%emt 00:02:45]} 20.
Kb1 {[%clk 00:47:37]} {[%emt 00:01:09]} e4 {[%clk 01:08:43]} {[%emt 00:10:37]}
21. fxe4 {[%clk 00:30:51]} {[%emt 00:16:56]} Nxe4 {[%clk 01:07:55]} {[%emt
00:00:57]} 22. Nxe4 {[%clk 00:29:52]} {[%emt 00:01:09]} Rxe4 {[%clk 01:07:53]}
{[%emt 00:00:12]} 23. Bf2 {[%clk 00:29:42]} {[%emt 00:00:18]} Qf6 {[%clk
01:02:11]} {[%emt 00:05:54]} 24. Bd3 {[%clk 00:29:32]} {[%emt 00:00:19]} Rf4
{[%clk 01:01:18]} {[%emt 00:01:03]} 25. Be1 {[%clk 00:27:03]} {[%emt 00:02:39]}
fxg4 {[%clk 00:51:39]} {[%emt 00:09:49]} 26. Rxf4 {[%clk 00:23:00]} {[%emt
00:04:12]} Qxf4 {[%clk 00:51:39]} {[%emt 00:00:07]} 27. hxg4 {[%clk 00:21:27]}
{[%emt 00:01:44]} 1/2-1/2

[Event "2024 National Middle School Championship"]
[Site "Atlanta, Georgia, United States"]
[Date "2024.05.11"]
[Round "3.5"]
[White "Liu, Chris Ping"]
[Black "Paragua, Megan Althea"]
[Result "0-1"]
[TimeControl "G/90;d10"]
[WhiteElo "1995"]
[BlackElo "2198"]

1. d4 {[%clk 01:30:00]} {[%emt 00:00:06]} d5 {[%clk 01:26:36]} {[%emt
00:03:34]} 2. Bf4 {[%clk 01:30:00]} {[%emt 00:00:02]} Nf6 {[%clk 01:25:35]}
{[%emt 00:01:10]} 3. e3 {[%clk 01:30:00]} {[%emt 00:00:02]} e6 {[%clk
01:25:32]} {[%emt 00:00:14]} 4. Nf3 {[%clk 01:30:00]} {[%emt 00:00:08]} Bd6
{[%clk 01:24:04]} {[%emt 00:01:37]} 5. Nbd2 {[%emt 00:00:04]} O-O {[%clk
01:21:44]} {[%emt 00:02:27]} 6. Bd3 {[%clk 01:30:00]} {[%emt 00:00:06]} c5
{[%clk 01:16:50]} {[%emt 00:05:04]} 7. c3 {[%clk 01:25:20]} {[%emt 00:04:50]}
Bxf4 {[%clk 01:08:22]} {[%emt 00:08:39]} 8. exf4 {[%clk 01:25:20]} b6 {[%clk
01:08:16]} {[%emt 00:00:17]} 9. Qe2 {[%clk 01:23:31]} {[%emt 00:01:58]} a5
{[%clk 01:04:28]} {[%emt 00:03:58]} 10. dxc5 {[%clk 01:10:51]} {[%emt
00:12:50]} bxc5 {[%clk 01:04:22]} {[%emt 00:00:15]} 11. O-O {[%clk 01:10:51]}
{[%emt 00:00:04]} Ba6 {[%clk 01:02:33]} {[%emt 00:02:00]} 12. c4 {[%clk
01:10:50]} {[%emt 00:00:11]} Nc6 {[%clk 01:01:25]} {[%emt 00:01:18]} 13. Rac1
{[%clk 01:01:59]} {[%emt 00:09:01]} Qd6 {[%clk 00:53:59]} {[%emt 00:07:36]} 14.
Ne5 {[%clk 00:59:24]} {[%emt 00:02:45]} Nb4 {[%clk 00:46:26]} {[%emt 00:07:43]}
15. Bb1 {[%clk 00:57:54]} {[%emt 00:01:40]} Rfb8 {[%clk 00:43:43]} {[%emt
00:02:53]} 16. Rfd1 {[%clk 00:53:28]} {[%emt 00:04:36]} Qc7 {[%clk 00:37:57]}
{[%emt 00:05:56]} 17. Ndf3 {[%clk 00:48:46]} {[%emt 00:04:51]} dxc4 {[%clk
00:36:26]} {[%emt 00:01:42]} 18. Qe1 {[%clk 00:42:02]} {[%emt 00:06:54]} h6
{[%clk 00:28:00]} {[%emt 00:08:36]} 19. f5 {[%clk 00:30:04]} {[%emt 00:12:09]}
exf5 {[%clk 00:26:18]} {[%emt 00:01:52]} 20. Nxc4 {[%clk 00:29:46]} {[%emt
00:00:27]} Re8 {[%clk 00:25:36]} {[%emt 00:00:52]} 21. Qf1 {[%clk 00:26:04]}
{[%emt 00:03:51]} Ne4 {[%clk 00:24:50]} {[%emt 00:00:56]} 22. a3 {[%clk
00:24:32]} {[%emt 00:01:44]} Nc6 {[%clk 00:24:44]} {[%emt 00:00:15]} 23. Bd3
{[%clk 00:24:01]} {[%emt 00:00:40]} Rad8 {[%clk 00:21:24]} {[%emt 00:03:31]} 24.
Ne3 {[%clk 00:21:10]} {[%emt 00:03:00]} Bxd3 {[%clk 00:19:54]} {[%emt
00:01:42]} 25. Rxd3 {[%clk 00:21:10]} {[%emt 00:00:07]} Rxd3 {[%clk 00:19:54]}
{[%emt 00:00:07]} 26. Qxd3 {[%clk 00:21:10]} {[%emt 00:00:06]} Rd8 {[%clk
00:19:54]} {[%emt 00:00:04]} 27. Qc4 {[%clk 00:18:04]} {[%emt 00:03:16]} Ne5
{[%clk 00:18:34]} {[%emt 00:01:30]} 28. Nxe5 {[%clk 00:12:34]} {[%emt
00:05:40]} Qxe5 {[%clk 00:18:34]} {[%emt 00:00:07]} 29. Rc2 {[%clk 00:12:21]}
{[%emt 00:00:24]} g6 {[%clk 00:12:19]} {[%emt 00:06:26]} 30. Qe2 {[%clk
00:06:31]} {[%emt 00:05:59]} Qd4 {[%clk 00:11:09]} {[%emt 00:01:20]} 31. g3
{[%clk 00:05:38]} {[%emt 00:01:01]} Rb8 {[%clk 00:09:50]} {[%emt 00:01:31]} 32.
Qc4 {[%clk 00:04:56]} {[%emt 00:00:51]} Kg7 {[%clk 00:08:52]} {[%emt 00:01:09]}
33. Kg2 {[%clk 00:04:25]} {[%emt 00:00:41]} a4 {[%clk 00:07:56]} {[%emt
00:01:06]} 34. Qxd4+ {[%clk 00:02:50]} {[%emt 00:01:45]} cxd4 {[%clk 00:07:56]}
{[%emt 00:00:02]} 35. Nd1 {[%clk 00:02:50]} Kf6 {[%clk 00:06:02]} {[%emt
00:02:04]} 36. Rc4 {[%clk 00:02:35]} {[%emt 00:00:23]} Ke5 {[%clk 00:06:02]}
{[%emt 00:00:04]} 37. Rxa4 {[%clk 00:02:24]} {[%emt 00:00:20]} Rc8 {[%clk
00:06:02]} {[%emt 00:00:09]} 38. f4+ {[%clk 00:01:32]} {[%emt 00:01:03]} Kd5
{[%clk 00:06:00]} {[%emt 00:00:11]} 39. Kf1 {[%clk 00:00:37]} {[%emt 00:01:06]}
Rc1 {[%clk 00:05:56]} {[%emt 00:00:14]} 40. Ke1 {[%clk 00:00:17]} {[%emt
00:00:30]} Rc2 {[%clk 00:05:43]} {[%emt 00:00:23]} 41. b3 {[%clk 00:00:17]}
{[%emt 00:00:06]} Rxh2 {[%clk 00:05:42]} {[%emt 00:00:11]} 42. Ra5+ {[%clk
00:00:17]} {[%emt 00:00:01]} Kc6 {[%clk 00:05:42]} {[%emt 00:00:04]} 43. Ra7
{[%clk 00:00:01]} {[%emt 00:00:26]} d3 {[%clk 00:05:38]} {[%emt 00:00:13]} 44.
Ne3 {[%clk 00:00:01]} {[%emt 00:00:03]} Rh1+ {[%clk 00:05:05]} {[%emt
00:00:42]} 45. Nf1 {[%clk 00:00:01]} {[%emt 00:00:02]} d2+ {[%clk 00:05:05]}
0-1

[Event "2024 National Middle School Championship"]
[Site "Atlanta, Georgia, United States"]
[Date "2024.05.11"]
[Round "3.6"]
[White "Zhou, Brian Xing"]
[Black "Rao, Anjaneya Sripathy"]
[Result "0-1"]
[TimeControl "G/90;d10"]
[WhiteElo "1964"]
[BlackElo "2182"]

1. e4 {[%clk 01:30:00]} {[%emt 00:00:03]} e6 {[%clk 01:29:56]} {[%emt
00:00:14]} 2. d4 {[%clk 01:30:00]} {[%emt 00:00:05]} d5 {[%clk 01:29:56]}
{[%emt 00:00:05]} 3. e5 {[%clk 01:30:00]} {[%emt 00:00:02]} c5 {[%clk
01:29:56]} {[%emt 00:00:06]} 4. c3 {[%clk 01:30:00]} {[%emt 00:00:03]} Nc6
{[%clk 01:29:56]} {[%emt 00:00:06]} 5. Nf3 {[%clk 01:30:00]} {[%emt 00:00:02]}
Qb6 {[%clk 01:29:56]} {[%emt 00:00:08]} 6. a3 {[%clk 01:30:00]} {[%emt
00:00:03]} f6 {[%clk 01:29:56]} {[%emt 00:00:09]} 7. Bd3 {[%clk 01:29:50]}
{[%emt 00:00:20]} fxe5 {[%clk 01:29:54]} {[%emt 00:00:12]} 8. dxe5 {[%clk
01:29:03]} {[%emt 00:00:57]} c4 {[%clk 01:29:54]} {[%emt 00:00:08]} 9. Bc2
{[%clk 01:29:03]} {[%emt 00:00:05]} Nh6 {[%clk 01:28:34]} {[%emt 00:01:29]} 10.
h3 {[%clk 01:27:24]} {[%emt 00:01:50]} Nf7 {[%clk 01:27:08]} {[%emt 00:01:35]}
11. Qe2 {[%clk 01:26:50]} {[%emt 00:00:44]} g6 {[%clk 01:23:45]} {[%emt
00:03:33]} 12. Ba4 {[%clk 01:15:10]} {[%emt 00:11:51]} Bd7 {[%clk 01:20:25]}
{[%emt 00:03:29]} 13. Bxc6 {[%clk 01:13:26]} {[%emt 00:01:55]} bxc6 {[%clk
01:18:07]} {[%emt 00:02:28]} 14. O-O {[%clk 00:52:16]} {[%emt 00:21:20]} Bg7
{[%clk 01:16:26]} {[%emt 00:01:49]} 15. Re1 {[%clk 00:49:34]} {[%emt 00:02:53]}
O-O {[%clk 01:15:03]} {[%emt 00:01:33]} 16. Qc2 {[%clk 00:49:01]} {[%emt
00:00:44]} c5 {[%clk 01:06:52]} {[%emt 00:08:21]} 17. Bf4 {[%clk 00:36:05]}
{[%emt 00:13:06]} Nd8 {[%clk 01:02:55]} {[%emt 00:04:06]} 18. Bg3 {[%clk
00:35:30]} {[%emt 00:00:46]} Rb8 {[%clk 01:00:48]} {[%emt 00:02:16]} 19. Ra2
{[%clk 00:33:50]} {[%emt 00:01:50]} Nc6 {[%clk 00:56:34]} {[%emt 00:04:24]} 20.
Nbd2 {[%clk 00:32:26]} {[%emt 00:01:35]} Na5 {[%clk 00:56:03]} {[%emt
00:00:40]} 21. h4 {[%clk 00:23:50]} {[%emt 00:08:47]} Nb3 {[%clk 00:53:59]}
{[%emt 00:02:13]} 22. Qd1 {[%clk 00:22:55]} {[%emt 00:01:05]} Ba4 {[%clk
00:52:41]} {[%emt 00:01:29]} 23. Qe2 {[%clk 00:20:00]} {[%emt 00:03:05]} Nxd2
{[%clk 00:49:10]} {[%emt 00:03:41]} 24. Nxd2 {[%clk 00:13:48]} {[%emt
00:06:22]} Bc2 {[%clk 00:48:11]} {[%emt 00:01:08]} 0-1